000 00661nam a2200181 i 4500
001 65175
003 ES-MaACL
005 20230906165319.0
007 t|
008 040109s1954 sp a ||||1| spa d
080 _a663.252
100 1 _aFrancés Garbayo, Cecilio.
_952150
245 1 0 _aSaccharomycetina
_b: nuevo proceso para fabricar y utilizar el zumo de uva como vitaminoactivador de acción enérgica en la defensa celular del organismo humano /
_cpor C. Francés Garbayo.
260 _aPamplona :
_b[s.n.],
_c1954 (
_fJoaquín Navarro)
300 _a179 p. :
_bil. ;
_c21 cm.
650 4 _aIndustria vitivínicola.
_9141183
852 _aES-MaACL
_jC-8975
999 _c65175
_d65175